Sports Quiz

Random Sports or NFL Quiz

Who scored touchdowns in Super Bowl XLV Quiz Stats

 Plays Quiz not verified by Sporcle

Support Sporcle.
Go Orange.
Score 0/6 Timer 02:00
0 Plays Today
Position Player % Correct
WRHines Ward
95.7%
WRGreg Jennings
94.8%
WRJordy Nelson
88.7%
RBReshard Mendenhall
88.7%
WRMike Wallace
80%
SNick Collins
74.8%

You're not logged in!

Compare scores with friends on all Sporcle quizzes.
OR
Log In

From the Vault

Real Vacation Complaints

by Tootsnsuch

Some people are just never happy.
Remove Ads.
Support Sporcle.
Get the best of Sporcle when you Go Orange. This ad-free experience offers more features, more stats, and more fun while also helping to support Sporcle. Thank you for becoming a member.

Show Comments

Extras

Top Quizzes Today


Score Distribution

Your Account Isn't Verified!

In order to create a playlist on Sporcle, you need to verify the email address you used during registration. Go to your Sporcle Settings to finish the process.

Report this User

Report this user for behavior that violates our Community Guidelines.

Details: